Lógica, biología y sociología médica /

Salvato in:
Dettagli Bibliografici
Autore principale: Samaja, Juan Alfonso
Natura: testo
Soggetti:
Tags: Aggiungi Tag
Nessun Tag, puoi essere il primo ad aggiungerne!!

MARC

LEADER 00000 a a2200000 04500
001 47441
003
040
090 |a REV0857 3 (8) 1977  
100 |a Samaja, Juan Alfonso  
245 |a Lógica, biología y sociología médica /  |c Juan Alfonso Samaja  
650 |a LOGICA  
650 |a BIOLOGIA  
650 |a SOCIOLOGIA  
650 |a MEDICINA  
650 |a METABOLISMO  
773 |g volumen3, número8, setiembre-diciembre (1977)  
999 |c 30628  |d 30628